<?xml version="1.0" encoding="UTF-8"?>
<record
    xmlns:xsi="http://www.w3.org/2001/XMLSchema-instance"
    xsi:schemaLocation="http://www.loc.gov/MARC21/slim http://www.loc.gov/standards/marcxml/schema/MARC21slim.xsd"
    xmlns="http://www.loc.gov/MARC21/slim">

  <leader>02036nam a22003497a 4500</leader>
  <datafield tag="999" ind1=" " ind2=" ">
    <subfield code="c">21832</subfield>
    <subfield code="d">21832</subfield>
  </datafield>
  <controlfield tag="003">AR-CdUCM</controlfield>
  <controlfield tag="008">190425b           ||||| |||| 00| 0 spa d</controlfield>
  <datafield tag="040" ind1=" " ind2=" ">
    <subfield code="a">MUNICIPALIDAD PROVINCIAL DEL CUSCO</subfield>
    <subfield code="c">BIBLIOTECA MUNICIPAL DEL CUSCO</subfield>
  </datafield>
  <datafield tag="082" ind1=" " ind2=" ">
    <subfield code="a">Rev.Andi/N&#xB0;5/1985</subfield>
  </datafield>
  <datafield tag="110" ind1=" " ind2=" ">
    <subfield code="a">Centro Bartolom&#xE9; de Las Casas</subfield>
    <subfield code="9">3293</subfield>
  </datafield>
  <datafield tag="245" ind1=" " ind2=" ">
    <subfield code="a">Revista andina /</subfield>
    <subfield code="c">Centro de estudios rurales andinos Bartolom&#xE9; de Las Casas Cusco</subfield>
  </datafield>
  <datafield tag="260" ind1=" " ind2=" ">
    <subfield code="a">Cusco :</subfield>
    <subfield code="b">Centro Bartolom&#xE9; de Las Casas,</subfield>
    <subfield code="c">1985.</subfield>
  </datafield>
  <datafield tag="300" ind1=" " ind2=" ">
    <subfield code="a">296 p&#xE1;ginas. :</subfield>
    <subfield code="c">23 cm.</subfield>
  </datafield>
  <datafield tag="440" ind1=" " ind2=" ">
    <subfield code="a">Publicaci&#xF3;n Semestral del Centro Bartolom&#xE9; de Las Casas Cusco.</subfield>
    <subfield code="n">A&#xF1;o 3, N&#xFA;mero 5, N&#xB0;1, Primer semestre 1985.</subfield>
    <subfield code="9">46316</subfield>
  </datafield>
  <datafield tag="505" ind1=" " ind2=" ">
    <subfield code="a">Contenido: Per&#xFA; agricultura, utop&#xED;a popular y proyecto nacional. Eduardo Grillo Fern&#xE1;ndez. -- El origen del Estado en el valle de Ayacucho. William H. Isbell. -- Debate en torno a el comercio lejano y la difusi&#xF3;n del quechua el caso del Ecuador. Alfredo Torero. -- El esp&#xED;ritu lascasiano en la primera evangelizaci&#xF3;n del Per&#xFA; 1531-1573.  Isacio P&#xE9;rez Fern&#xE1;ndez. -- Inquisici&#xF3;n y mujeres las hechiceras en el Per&#xFA; durante el siglo XVII. Mar&#xED;a Emma Mannarelli. -- Un documento quechua de Huarochir&#xED;  1607. Gerald Taylor. -- S&#xED;, hubo imprenta en Juli. Pierre Duviols. -- Sobre la arqueolog&#xED;a del norte del Per&#xFA;. Rogger Ravines. -- La arqueolog&#xED;a de Esmeraldas Ecuador estado de la cuesti&#xF3;n y perspectivas. Jos&#xE9; Alcina Franch.</subfield>
  </datafield>
  <datafield tag="650" ind1=" " ind2=" ">
    <subfield code="a">Comunidades campesinas</subfield>
    <subfield code="9">2214</subfield>
  </datafield>
  <datafield tag="650" ind1=" " ind2=" ">
    <subfield code="a">Econom&#xED;a campesina</subfield>
    <subfield code="9">2215</subfield>
  </datafield>
  <datafield tag="650" ind1=" " ind2=" ">
    <subfield code="a">Cultura andina</subfield>
    <subfield code="9">46295</subfield>
  </datafield>
  <datafield tag="650" ind1=" " ind2=" ">
    <subfield code="a">Idioma Quechua</subfield>
    <subfield code="9">27790</subfield>
  </datafield>
  <datafield tag="650" ind1=" " ind2=" ">
    <subfield code="a">Arqueolog&#xED;a ecuatoriana</subfield>
    <subfield code="9">46317</subfield>
  </datafield>
  <datafield tag="700" ind1=" " ind2=" ">
    <subfield code="a">Grillo Fern&#xE1;ndez, Eduardo</subfield>
    <subfield code="9">46318</subfield>
  </datafield>
  <datafield tag="700" ind1=" " ind2=" ">
    <subfield code="a">Isbell, William H.</subfield>
    <subfield code="9">46319</subfield>
  </datafield>
  <datafield tag="700" ind1=" " ind2=" ">
    <subfield code="a">Torero, Alfredo</subfield>
    <subfield code="9">2062</subfield>
  </datafield>
  <datafield tag="700" ind1=" " ind2=" ">
    <subfield code="a">P&#xE9;rez Fern&#xE1;ndez, Isacio</subfield>
    <subfield code="9">1651</subfield>
  </datafield>
  <datafield tag="700" ind1=" " ind2=" ">
    <subfield code="a">Mannarelli, Mar&#xED;a Emma</subfield>
    <subfield code="9">46320</subfield>
  </datafield>
  <datafield tag="700" ind1=" " ind2=" ">
    <subfield code="a">Taylor, Gerald</subfield>
    <subfield code="9">2028</subfield>
  </datafield>
  <datafield tag="700" ind1=" " ind2=" ">
    <subfield code="a">Duviols, Pierre</subfield>
    <subfield code="9">45039</subfield>
  </datafield>
  <datafield tag="700" ind1=" " ind2=" ">
    <subfield code="a">Ravines, Rogger</subfield>
    <subfield code="9">16978</subfield>
  </datafield>
  <datafield tag="700" ind1=" " ind2=" ">
    <subfield code="a">Alcina Franch, Jos&#xE9;</subfield>
    <subfield code="9">23215</subfield>
  </datafield>
  <datafield tag="942" ind1=" " ind2=" ">
    <subfield code="2">ddc</subfield>
    <subfield code="c">PP</subfield>
  </datafield>
  <datafield tag="945" ind1=" " ind2=" ">
    <subfield code="a">rac</subfield>
  </datafield>
  <datafield tag="952" ind1=" " ind2=" ">
    <subfield code="0">0</subfield>
    <subfield code="2">ddc</subfield>
    <subfield code="4">0</subfield>
    <subfield code="7">0</subfield>
    <subfield code="a">HEM</subfield>
    <subfield code="b">HEM</subfield>
    <subfield code="c">CART</subfield>
    <subfield code="d">2021-08-20</subfield>
    <subfield code="g">10.00</subfield>
    <subfield code="o">Rev.Andi/N&#xB0;5/1985</subfield>
    <subfield code="p">REVC000305</subfield>
    <subfield code="r">2021-08-20</subfield>
    <subfield code="y">PP</subfield>
  </datafield>
</record>
